| 000 | 00760nam a2200241 a 4500 | ||
|---|---|---|---|
| 001 | 84044 | ||
| 003 | BD-RjUL | ||
| 005 | 20241023151348.0 | ||
| 008 | 240926r19671958enk 000 1 eng d | ||
| 035 | _a(BD-RjUL)84044 | ||
| 040 |
_aBD-RjUL _beng _cBD-RjUL _dBD-RjUL |
||
| 041 | 1 |
_hrus _aeng |
|
| 082 |
_223 _a891.73 _bDOB 1967 |
||
| 100 | 1 |
_aDostoyevsky, Fyodor, _d1821-1881. _9189625 |
|
| 245 | 1 | 4 |
_aThe brothers Karamazov / _cFyodor Dostoevsky ; translated by David Magarshack |
| 260 |
_aHarmndsworth : _bPenguin Books ltd. _c1958, [reprinted 1967] |
||
| 300 |
_aV.; _c19 cm. |
||
| 505 | _aVol. 1 --Vol. 2 -- | ||
| 650 |
_aRussian fiction _9187915 |
||
| 650 |
_aFathers and sons _xFiction. _9194404 |
||
| 700 |
_aMagarshack, David _913617 |
||
| 942 |
_2ddc _cBK |
||
| 999 |
_c84044 _d84044 |
||